Представление документа в формате RUSMARC

ПолеНазваниеЗначение
  Тип записи a
  Библиографический уровень m
001 Контрольный номер UONB/MAIN/50fc152d4f2949e3b3cd3c33ceefe231
005 Дата корректировки 20260414104039.1
010 Индекс ISBN __
d Цена 25 к.
9 Тираж 14000 экз.
100 Данные общей обработки __
a Данные общей обработки 20260414d1986 u y0rusy0189 ca
101 Язык документа 0_
a Язык текста rus
102 Страна публикации __
a Страна публикации RU
105 Кодированные данные (монография) __
a Кодированные данные (монография) a z 000yy
200 Заглавие и сведения об ответственности 1_
a Заглавие Эффективное использование кормов
e Сведения, относящиеся к заглавию сборник
210 Выходные данные 1_
a Место издания Москва
c Издательство Московский рабочий
d Дата издания 1986
215 Физическое описание __
a Объем 158, [2] с.
c Иллюстрации/тип воспроизводства ил.
d Формат 20 см
606 Тематические рубрики 0_
a Основная рубрика Корма
x Основная подрубрика Заготовка и хранение
j Формальный подзаголовок Сборники
606 Тематические рубрики 0_
a Основная рубрика Корма
x Основная подрубрика Подготовка к скармливанию
j Формальный подзаголовок Сборники
610 Ключевые слова 0_
a Ключевые слова корма; использование кормов; заготовка и хранение кормов
675 Индекс УДК __
a Индекс УДК 636.045
686 Индексы других классификаций __
a Классификационный индекс 45.455.2/3
2 Код системы rubbk
801 Источник записи _0
a Страна RU
b Организация Ульяновская ОНБ
c Дата составления 20260414
g Правила каталогизации RCR
801 Источник записи _1
a Страна RU
b Организация Ульяновская ОНБ
c Дата составления 20260414
g Правила каталогизации RCR
901 Тип документа __
t Тип документа m
909 Создатель записи __
a Создатель записи Карпаева
b Дата создания записи 20260414